000 00638nam a2200217 i 4500
001 bgj
100 1 _aHölderlin, Friedrich.
245 1 0 _aEmpedokles /
_cFriedrich Hölderlin ; hrsg. mit einer Einführung von Friedrich Seebaß.
260 _aLeipzig :
_bVerlag von Philipp Reclam jun.,
_c1944.
300 _a130 s. ;
_c16 cm.
490 1 _aReclams Universal-Bibliothek
_v7500
650 9 _aDramat niemiecki
700 1 _aSEEBAß, Friedrich.
830 _aReclams Universal-Bibliothek
040 _cBPK
041 0 _ager
044 _aDEU
080 _a821.112.2-2
942 _cKS
008 s gw f |000 0 ger
999 _c49525
_d49525
856 _uhttp://koha.tu.koszalin.pl/cgi-bin/koha/opac-detail.pl?biblionumber=49525
_yKatalog online BPK